Strategies for growth : (Record no. 56541)

MARC details
000 -LEADER
fixed length control field 00934nam a22002417a 4500
005 - DATE AND TIME OF LATEST TRANSACTION
control field 20110908145123.0
008 - FIXED-LENGTH DATA ELEMENTS--GENERAL INFORMATION
fixed length control field 110908t xxu||||| |||| 00| 0 eng d
010 ## - LCCN (DPL NO)
LC control number ENG-103773
020 ## - INTERNATIONAL STANDARD BOOK NUMBER
International Standard Book Number 9788184001488
Terms of availability 299.00
035 ## - SYSTEM CONTROL NUMBER
System control number EN-87306
037 ## - SOURCE OF ACQUISITION
Source of stock number/acquisition DBAD
040 ## - CATALOGING SOURCE
Original cataloging agency DPL
Language of cataloging Eng
082 00 - DEWEY DECIMAL CLASSIFICATION NUMBER
Classification number 658.4012
100 1# - MAIN ENTRY--PERSONAL NAME
Personal name Ghosh, Atanu
9 (RLIN) 34669
245 14 - TITLE STATEMENT
Title Strategies for growth :
Remainder of title help your business move up the ladder /
Statement of responsibility, etc by Atanu Ghosh
260 ## - PUBLICATION, DISTRIBUTION, ETC. (IMPRINT)
Place of publication, distribution, etc Noida
Name of publisher, distributor, etc Random House Publishers
Date of publication, distribution, etc 2010
270 ## - ADDRESS
Address MindMill CorporateTower, 24A., 2nd floor, Sector 16A,
City Noida
Postal code 201301
300 ## - PHYSICAL DESCRIPTION
Extent xv,193p.
Dimensions 20cm (pbk)
490 ## - SERIES STATEMENT
Series statement Indian Institute of Management Ahmedabad business books
-- 34804
650 ## - SUBJECT ADDED ENTRY--TOPICAL TERM
9 (RLIN) 34671
942 ## - ADDED ENTRY ELEMENTS (KOHA)
Source of classification or shelving scheme Dewey Decimal Classification
Item type English Books
Classification part 658.4012
Call number suffix GHO
Holdings
Withdrawn status Lost status Source of classification or shelving scheme Damaged status Not for loan Collection code Home library Current library Date acquired Source of acquisition Cost, normal purchase price Total Checkouts Full call number Barcode Date last seen Copy number Cost, replacement price Koha item type
    Dewey Decimal Classification     Non-fiction D.B.Act.Division D.B.Act.Division 08/09/2011 DBAD/PUB 299.00   658.4012 GHO EN-87306 08/09/2011 1 299.00 English Books

© Delhi Public Library
Hit Counter
free hit counter